000 00292nam a22001217a 4500
008 170904b xxu||||| |||| 00| 0 eng d
041 _aeng
080 _24 ED
_a070
100 _a40
101 _aMED
245 _aGOOD REASONS WITH CONTEMPORARY ARGUMENTS
_cFAIGLEY.L
942 _2udc
_cBK
999 _c26054
_d26054